Statistics for Islands by Letter - M

Click here to take the quiz!

General Stats

  • This quiz has been taken 50 times
  • The average score is 13 of 20

Answer Stats

HintIsland% Correct
Largest island in the Indian OceanMadagascar
100%
Mediterranean island nationMalta
100%
The two largest of the Balearic IslandsMallorca
96%
One of the five boroughs of NYCManhattan
94%
Home of the DodoMauritius
91%
The two largest of the Balearic IslandsMenorca
85%
Quebec's most populous island / cityMontreal
83%
French island in the CaribbeanMartinique
79%
Autonomous Portuguese island-regionMadeira
74%
Large southern Philippine islandMindanao
68%
British island in the CaribbeanMontserrat
60%
Capital of the Marshall IslandsMajuro
57%
The Kennedy family vacationed on this
Massachusetts island
Martha's
Vineyard
55%
French department in the Indian OceanMayotte
51%
Venezuelan island / popular cocktailMargarita
49%
Tanzanian island / organized criminalsMafia
49%
Home to Haleakala National ParkMaui
40%
Largest island in the sea between
Asian and European Turkey
Marmara
40%
Fourth-largest Scottish islandMull
38%
Largest island of SeychellesMahé
13%

Score Distribution

Percentile by Number Answered

Percent of People with Each Score

Your Score History

You have not taken this quiz